|
|
|
|
| LEADER |
00000nab a2200000 a 4500 |
| 001 |
vtls009144186 |
| 003 |
SK-MaSNL |
| 005 |
20260304153342.0 |
| 008 |
250506c2007 xo |||||||||||000 b|slo |
| 015 |
|
|
|a SNBRB2007/09
|2 snkbucl
|
| 035 |
|
|
|a (uuid)20d51cf9-777b-4a45-9636-fc04adb4352c
|
| 035 |
|
|
|a urn:nbn:sk:snk-abc223
|
| 035 |
|
|
|a (urnnbn)urn:nbn:sk:snk:ar-001koe
|
| 038 |
|
|
|a SNKBUCL
|
| 040 |
|
|
|a SNKBUCL
|b slo
|c SNKBUCL
|e AACR2
|
| 041 |
0 |
|
|a slo
|
| 044 |
|
|
|a xo
|c SK
|
| 080 |
|
|
|a 658.5.012.45
|2 2001
|
| 080 |
|
|
|a 681.5
|2 2001
|
| 080 |
|
|
|a 004.9
|2 2001
|
| 100 |
1 |
|
|a Čvirik, Jozef
|4 aut
|9 310705
|
| 245 |
1 |
0 |
|a Škálovateľné riešenia MES
|c Jozef Čvirik
|
| 650 |
0 |
7 |
|a výrobné informačné systémy
|2 snkbucl
|9 1036504
|
| 650 |
0 |
7 |
|a MES systémy
|2 snkbucl
|9 70183
|
| 650 |
0 |
7 |
|a priemyselný softvér
|2 snkbucl
|9 859287
|
| 773 |
0 |
|
|t AT&P journal
|g Roč. XIV, č. 8 (2007), s. 24
|x 1335-2237
|
| 850 |
|
|
|a Slovenská národná knižnica
|
| 852 |
|
|
|a Slovenská národná knižnica
|
| 954 |
|
|
|a odborná, vedecká literatúra pôvodná (slovenská)
|2 lita
|
| 958 |
|
|
|a article15
|
| 958 |
|
|
|a OND
|
| 958 |
|
|
|a EUIPO
|
| 999 |
|
|
|c 2953349
|d 2955279
|